| 000 | 00337nam a22001457a 4500 | ||
|---|---|---|---|
| 020 | _a978-93-90574-20-9 | ||
| 082 |
_a894.812.3 _bSAN/J |
||
| 100 | _aSANTHOSHKUMAR, E | ||
| 245 | _aJNANABHAARAM | ||
| 246 |
_aJNANABHAARAM _bJNANABHAARAM |
||
| 260 |
_aINDIA _bMATHRUBHUMI _c2021 |
||
| 300 | _a182 | ||
| 650 | _aMALAYALAM NOVEL | ||
| 942 | _cBK | ||
| 999 |
_c8735 _d8735 |
||